Barron's GED math workbook / (Record no. 301)
[ view plain ]
| 000 -LEADER | |
|---|---|
| fixed length control field | 01477cam a2200337 a 4500 |
| 001 - CONTROL NUMBER | |
| control field | 301 |
| 005 - DATE AND TIME OF LATEST TRANSACTION | |
| control field | 20260409182536.0 |
| 008 - FIXED-LENGTH DATA ELEMENTS--GENERAL INFORMATION | |
| fixed length control field | data |
| 003 - CONTROL NUMBER IDENTIFIER | |
| control field | kkkk |
| 010 ## - LIBRARY OF CONGRESS CONTROL NUMBER | |
| LC control number | 2009008051 |
| 020 ## - INTERNATIONAL STANDARD BOOK NUMBER | |
| International Standard Book Number | 9780764142062 |
| 020 ## - INTERNATIONAL STANDARD BOOK NUMBER | |
| International Standard Book Number | 0764142062 |
| 040 ## - CATALOGING SOURCE | |
| Original cataloging agency | DLC |
| Transcribing agency | DLC |
| Modifying agency | DLC |
| 050 00 - LIBRARY OF CONGRESS CALL NUMBER | |
| Classification number | QA43 |
| Item number | .H595 2009 |
| 082 00 - DEWEY DECIMAL CLASSIFICATION NUMBER | |
| Classification number | 510.76 |
| Edition information | 22 |
| 092 ## - LOCALLY ASSIGNED DEWEY CALL NUMBER (OCLC) | |
| Classification number | 510.76 H595 2009 |
| 100 1# - MAIN ENTRY--PERSONAL NAME | |
| Personal name | Holm, Johanna heln. |
| 245 10 - TITLE STATEMENT | |
| Title | Barron's GED math workbook / |
| Statement of responsibility, etc. | Johanna Holm & Johanna Holm. |
| 246 30 - VARYING FORM OF TITLE | |
| Title proper/short title | GED math workbook |
| 250 ## - EDITION STATEMENT | |
| Edition statement | 3rd ed. |
| 260 ## - PUBLICATION, DISTRIBUTION, ETC. | |
| Place of publication, distribution, etc. | Hauppauge, N.Y. : |
| Name of publisher, distributor, etc. | Barron's, |
| Date of publication, distribution, etc. | c2009. |
| 300 ## - PHYSICAL DESCRIPTION | |
| Extent | 228 p. : |
| Other physical details | ill. (some col.) ; |
| Dimensions | 28 cm. |
| 500 ## - GENERAL NOTE | |
| General note | Rev. ed. of: Barron's math workbook for the GED. 2nd ed. c2003. |
| 505 0# - FORMATTED CONTENTS NOTE | |
| Formatted contents note | Introduction to the GED -- Diagnostic test -- Skill building, number operations, and number sense -- Algebra, functions, and patterns -- Measurement -- Geometry -- Data analysis, staistics, and probability -- Practice tests. |
| 520 ## - SUMMARY, ETC. | |
| Summary, etc. | Presents a test review for the GED mathematics section, provides test-taking strategies, and includes four practice tests. |
| 650 #0 - SUBJECT ADDED ENTRY--TOPICAL TERM | |
| Topical term or geographic name entry element | Mathematics |
| Form subdivision | Examinations, questions, etc. |
| 650 #0 - SUBJECT ADDED ENTRY--TOPICAL TERM | |
| Topical term or geographic name entry element | General educational development tests |
| Form subdivision | Study guides. |
| 700 1# - ADDED ENTRY--PERSONAL NAME | |
| Personal name | Holm, Johanna. |
| Title of a work | Barron's math workbook for the GED. |
| 856 42 - ELECTRONIC LOCATION AND ACCESS | |
| Materials specified | Publisher description |
| Uniform Resource Identifier | <a href="http://www.loc.gov/catdir/enhancements/fy0905/2009008051-d.html">http://www.loc.gov/catdir/enhancements/fy0905/2009008051-d.html</a> |
| 856 41 - ELECTRONIC LOCATION AND ACCESS | |
| Materials specified | Table of contents only |
| Uniform Resource Identifier | <a href="http://www.loc.gov/catdir/enhancements/fy0916/2009008051-t.html">http://www.loc.gov/catdir/enhancements/fy0916/2009008051-t.html</a> |
| Withdrawn status | Lost status | Damaged status | Not for loan | Home library | Current library | Shelving location | Date acquired | Total checkouts | Full call number | Barcode | Date last seen | Price effective from | Koha item type |
|---|---|---|---|---|---|---|---|---|---|---|---|---|---|
| Fairfield | Franklin | General stacks | 22/03/2026 | 510.76 22 | BC0010310 | 22/03/2026 | 22/03/2026 | Books |